Gerontopsychiatrie / J. Baštecký, Q. Kümpel, M. Vojtěchovský ... [et al.]
Record details
- ISBN: 80-7169-070-8
- Physical Description: 317 s. : 10 obr., 3 tab.
- Edition: [1. vyd.].
- Publisher: Praha : Grada, 1994
Content descriptions
| General Note: | Rejstř. s. 311-317 - Sez. použitých zkratek - Výkladový slovník některých zkratek a pojmů pro nelékaře |
| Bibliography, etc. Note: | Bibliogr. na konci kapitol |
Search for related items by subject
| Subject: | geriatrická psychiatrie gerontopsychiatrie Diagnostika Farmakoterapie Gerontologie Terapie |
| Genre: | učebnice vysokých škol monografie |
Available copies
- 1 of 1 copy available at Common Catalog SPOK.
Holds
- 0 current holds with 1 total copy.
Show Only Available Copies
| Location | Call Number / Copy Notes | Barcode | Shelving Location | Status | Due Date |
|---|---|---|---|---|---|
| Jabok Library | Psy-8.4/B | 424480001452 | Odborná literatura | Available | - |
| LDR | 02484cam a22007097a 4500 | ||
|---|---|---|---|
| 001 | 17718 | ||
| 003 | CZ-PrJAB | ||
| 005 | 20130710054740.0 | ||
| 007 | ta | ||
| 008 | 990608s1994 xr |||||r|||||||||||cze|d | ||
| 015 | . | ‡acnb000086004 | |
| 020 | . | ‡a80-7169-070-8 | |
| 035 | . | ‡a(CONS)17718 | |
| 035 | . | ‡a(CZ PrSKC)000173389 | |
| 035 | . | ‡a(OCoLC)35756757 | |
| 040 | . | ‡aABD007 ‡bcze | |
| 080 | . | ‡a616-053.9 ‡2MRF-sel | |
| 080 | . | ‡a616.89 ‡2MRF-sel | |
| 080 | . | ‡a613.98:616.89 | |
| 080 | . | ‡a613.98 | |
| 100 | 1 | . | ‡aBaštecký, Jaroslav, ‡d1936-2007 ‡7jn20000400107 ‡4aut |
| 245 | 1 | 0. | ‡aGerontopsychiatrie / ‡cJ. Baštecký, Q. Kümpel, M. Vojtěchovský ... [et al.] |
| 250 | . | ‡a[1. vyd.]. | |
| 260 | . | ‡aPraha : ‡bGrada, ‡c1994 | |
| 300 | . | ‡a317 s. : ‡b10 obr., 3 tab. | |
| 500 | . | ‡aRejstř. s. 311-317 - Sez. použitých zkratek - Výkladový slovník některých zkratek a pojmů pro nelékaře | |
| 504 | . | ‡aBibliogr. na konci kapitol | |
| 650 | 0 | 7. | ‡ageriatrická psychiatrie ‡2czmesh |
| 650 | 0 | 7. | ‡agerontopsychiatrie ‡7ph134800 ‡2czenas |
| 650 | 0 | 4. | ‡aDiagnostika |
| 650 | 0 | 4. | ‡aFarmakoterapie |
| 650 | 0 | 4. | ‡aGerontologie |
| 650 | 0 | 4. | ‡aTerapie |
| 655 | 7. | ‡aučebnice vysokých škol ‡7fd133772 ‡2czenas | |
| 655 | 7. | ‡amonografie ‡7fd132842 ‡2czenas | |
| 700 | 1 | . | ‡aKümpel, Quido, ‡d1931- ‡7nlk20010103330 ‡4aut |
| 700 | 1 | . | ‡aVojtěchovský, Miloš, ‡d1925- ‡7jn20000402575 ‡4aut |
| 910 | . | ‡aABG312 | |
| 901 | . | ‡a17718 ‡b ‡c17718 ‡tbiblio | |